| 000 | 00900nam a2200253 i 4500 | ||
|---|---|---|---|
| 001 | bg | ||
| 100 | 1 | _aDÜLFFER, Jost | |
| 245 | 1 | 0 |
_aJałta, 4 lutego 1945 - druga wojna światowa i dwubiegunowy podział świata / _cJost Dülffer ; przeł. Małgorzata Zaborska. |
| 246 |
_iTyt. oryg.: _aJalta, 4 Februar 1945 - der Zweite Weltkrieg und die Enstehung der bipolaren Welt |
||
| 260 |
_aWarszawa : _b"Adamantan", _c2000. |
||
| 300 |
_a295 s. ; _c19 cm. |
||
| 490 | 1 | _aNajważniejsze Dni XX Wieku | |
| 500 | _aTyt. oryg.: "Jalta, 4 Februar 1945 - der Zweite Weltkrieg und die Enstehung der bipolaren Welt". | ||
| 504 | _aBibliogr. - Indeks. | ||
| 650 | 9 |
_aHistoria _y20 w. |
|
| 830 | _aNajważniejsze Dni XX Wieku | ||
| 020 | _a8385655549 | ||
| 040 | _cBPK | ||
| 041 | 1 |
_apl _hde |
|
| 080 | _a94"19" | ||
| 920 | _a83-85655-54-9 | ||
| 942 | _cKS | ||
| 008 | s pl f |000 0 pol | ||
| 999 |
_c37231 _d37231 |
||
| 856 |
_uhttp://koha.tu.koszalin.pl/cgi-bin/koha/opac-detail.pl?biblionumber=37231 _yKatalog online BPK |
||